Comparative education : the dialectic of the global and the local / (Record no. 551)
| 000 -LEADER | |
|---|---|
| fixed length control field | 01068cam a22002898a 4500 |
| 001 - CONTROL NUMBER | |
| control field | 14801856 |
| 003 - CONTROL NUMBER IDENTIFIER | |
| control field | OSt |
| 005 - DATE AND TIME OF LATEST TRANSACTION | |
| control field | 20140116120831.0 |
| 008 - FIXED-LENGTH DATA ELEMENTS--GENERAL INFORMATION | |
| fixed length control field | 070409s2007 mdu 001 0 eng |
| 010 ## - LIBRARY OF CONGRESS CONTROL NUMBER | |
| LC control number | 2007014087 |
| 020 ## - INTERNATIONAL STANDARD BOOK NUMBER | |
| International Standard Book Number | 9780742559844 |
| 040 ## - CATALOGING SOURCE | |
| Transcribing agency | DLC |
| Modifying agency | DLC |
| 050 00 - LIBRARY OF CONGRESS CALL NUMBER | |
| Classification number | LB43.C66 2007 |
| 245 00 - TITLE STATEMENT | |
| Title | Comparative education : the dialectic of the global and the local / |
| Statement of responsibility, etc | edited by Robert F. Arnove and Carlos Alberto Torres. |
| 250 ## - EDITION STATEMENT | |
| Edition statement | 3rd ed. |
| 260 ## - PUBLICATION, DISTRIBUTION, ETC. (IMPRINT) | |
| Place of publication, distribution, etc | Lanham, MD : |
| Name of publisher, distributor, etc | Rowman & Littlefield Publishers, Inc. , |
| Date of publication, distribution, etc | 2007. |
| 300 ## - PHYSICAL DESCRIPTION | |
| Extent | vi, 419 p. |
| 504 ## - BIBLIOGRAPHY, ETC. NOTE | |
| Bibliography, etc | Includes bibliographic references and index |
| 650 #0 - SUBJECT ADDED ENTRY--TOPICAL TERM | |
| Topical term or geographic name as entry element | Comparative education |
| General subdivision | Philosophy. |
| 650 #0 - SUBJECT ADDED ENTRY--TOPICAL TERM | |
| Topical term or geographic name as entry element | Education and globalization. |
| 700 1# - ADDED ENTRY--PERSONAL NAME | |
| Personal name | Arnove, Robert F. |
| 700 1# - ADDED ENTRY--PERSONAL NAME | |
| Personal name | Torres, Carlos Alberto. |
| 856 41 - ELECTRONIC LOCATION AND ACCESS | |
| Materials specified | Table of contents only |
| Uniform Resource Identifier | <a href="http://www.loc.gov/catdir/toc/ecip0715/2007014087.html">http://www.loc.gov/catdir/toc/ecip0715/2007014087.html</a> |
| 906 ## - LOCAL DATA ELEMENT F, LDF (RLIN) | |
| a | 0 |
| b | vip |
| c | orignew |
| d | 1 |
| e | ecip |
| f | 20 |
| g | y-gencatlg |
| 942 ## - ADDED ENTRY ELEMENTS (KOHA) | |
| Source of classification or shelving scheme | |
| Koha item type | Book |
| Withdrawn status | Lost status | Source of classification or shelving scheme | Damaged status | Not for loan | Home library | Current library | Date acquired | Source of acquisition | Total Checkouts | Full call number | Barcode | Date last seen | Copy number | Price effective from | Koha item type | Date checked out |
|---|---|---|---|---|---|---|---|---|---|---|---|---|---|---|---|---|
| Riara University Library | Riara University Library | 24/10/2011 | Purchase | LB43.C66 2007 | 1730/11 | 24/10/2011 | C.1 | 24/10/2011 | Book | |||||||
| Riara University Library | Riara University Library | 24/10/2011 | Purchase | LB43.C66 2007 | 1731/11 | 22/11/2013 | C.2 | 24/10/2011 | Book | |||||||
| Riara University Library | Riara University Library | 24/10/2011 | Purchase | 1 | LB43.C66 2007 | 1732/11 | 13/11/2013 | C.3 | 24/10/2011 | Book | 19/10/2013 |
